000
00320nam a2200133Ia 4500
005
20251222155126.0
008
251222s9999||||xx |||||||||||||| ||spa||
082
_a
MEQ. 85.2
100
_a
E.D. Rocca.
245
0
_a
International College of Surgeons Vol. II
250
_a
1ra. ed.
264
_b
No tiene
942
_c
LIB
999
_c
38611
_d
38611